• 首页
  • 本馆介绍
  • 公告通知
  • 最新文献
  • 馆藏检索
  • 电子资源
  • 读者导购
  • 参考咨询
  • 我的图书馆
  • 登录
  • 详细信息显示
  • 放入我的书架
  • 预约/预借图书
  • 作者相关作品
  • 分类相关作品
  • 丛书相关作品
  • 出版社相关作品

书目信息

  • 表格格式
  • 工作单格式
  • 卡片格式
题名:
西方农业经济学理论与方法的新进展
    
 
作者: 杜为公 , 李艳芳 , 杜康 著
分册:  
出版信息: 北京   中国人民大学出版社  2016
页数: 278页
开本: 24cm
丛书名:
单 册:
中图分类: F30
科图分类:
主题词: 农业经济学--nong ye jing ji xue--研究--西方国家
电子资源:
ISBN: 978-7-300-22862-4
000 01198nam0 22002771 450
001 0109172537
005 20170309172537.0
010    @a978-7-300-22862-4@dCNY68.00
100    @a20160804d2016 em y0chiy50 ea
101 0  @achi
102    @aCN@b110000
105    @ay z 001yy
106    @ar
200 1  @a西方农业经济学理论与方法的新进展@9xi fang nong ye jing ji xue li lun yu fang fa de xin jin zhan@dThe study of the latest development of theories and methods in western agricultural economics@f杜为公,李艳芳,杜康著@zeng
210    @a北京@c中国人民大学出版社@d2016
215    @a278页@d24cm
300    @a国家社科基金后期资助项目
330    @a本书是对近期国外农业经济学相关研究的梳理,特别是对现代西方农业经济学理论与方法的新进展的总结,目的是向中国学者展示现代西方农业经济学的现状与发展趋势。
510 1  @aStudy of the latest development of theories and methods in western agricultural economics@zeng
606 0  @a农业经济学@9nong ye jing ji xue@x研究@x西方国家
690    @aF30@v5
701  0 @a杜为公@9du wei gong@f(1963~)@4著
701  0 @a李艳芳@9li yan fang@c(职业教育)@4著
701  0 @a杜康@9du kang@4著
801  0 @aCN@bTANGWEI@c20170308
905    @b0954423-5@dF30@e41@f3
    
    西方农业经济学理论与方法的新进展=The study of the latest development of theories and methods in western agricultural economics/杜为公,李艳芳,杜康著.-北京:中国人民大学出版社,2016
    278页;24cm
    国家社科基金后期资助项目
    
    ISBN 978-7-300-22862-4:CNY68.00
    本书是对近期国外农业经济学相关研究的梳理,特别是对现代西方农业经济学理论与方法的新进展的总结,目的是向中国学者展示现代西方农业经济学的现状与发展趋势。
●
相关链接 在E读中查询图书 在五车中查询图书 在当当中查询图书 在豆瓣中查询图书


正题名:西方农业经济学理论与方法的新进展     索取号:F30/41         预约/预借

序号 登录号 条形码 馆藏地/架位号 状态 备注
1 0954423   209544233   第一样本阅览室/ [索取号:F30/41] 在馆    
2 0954424   209544242   第一借阅区/ [索取号:F30/41] 在馆    
3 0954425   209544251   第一借阅区/ [索取号:F30/41] 在馆    
唐山师范学院图书馆 欢迎您!
大连网信软件有限公司© 版权所有